Direct dating of gold by radiogenic helium: testing the method on gold from Diamantina, Minas Gerais, Brazil
Gespeichert in:
| Weitere Verfasser: | , , , , , , , , |
|---|---|
| Dokumenttyp: | Article (Journal) |
| Sprache: | Englisch |
| Veröffentlicht: |
2013
|
| In: |
Geology
Year: 2013, Jahrgang: 41, Heft: 2, Pages: 163-166 |
| ISSN: | 1943-2682 |
| DOI: | 10.1130/G33751.1 |
| Online-Zugang: | Resolving-System, Volltext: http://dx.doi.org/10.1130/G33751.1 |
| Verfasserangaben: | Alexandre Raphael Cabral; Otto Eugster; Michael Brauns; Bernd Lehmann; Delia Rösel; Thomas Zack; Francisco Robério de Abreu; Ernst Pernicka; Matthias Barth |
MARC
| LEADER | 00000caa a2200000 c 4500 | ||
|---|---|---|---|
| 001 | 780606213 | ||
| 003 | DE-627 | ||
| 005 | 20230710092811.0 | ||
| 007 | cr uuu---uuuuu | ||
| 008 | 140317s2013 xx |||||o 00| ||eng c | ||
| 035 | |a (DE-627)780606213 | ||
| 035 | |a (DE-576)9780606211 | ||
| 035 | |a (DE-599)GBV780606213 | ||
| 035 | |a (OCoLC)1389737598 | ||
| 040 | |a DE-627 |b ger |c DE-627 |e rakwb | ||
| 041 | |a eng | ||
| 084 | |a 60 |2 sdnb | ||
| 245 | 0 | 0 | |a Direct dating of gold by radiogenic helium: testing the method on gold from Diamantina, Minas Gerais, Brazil |c Alexandre Raphael Cabral; Otto Eugster; Michael Brauns; Bernd Lehmann; Delia Rösel; Thomas Zack; Francisco Robério de Abreu; Ernst Pernicka; Matthias Barth |
| 264 | 1 | |c 2013 | |
| 300 | |b graph. Darst., Kt | ||
| 300 | |a 4 | ||
| 336 | |a Text |b txt |2 rdacontent | ||
| 337 | |a Computermedien |b c |2 rdamedia | ||
| 338 | |a Online-Ressource |b cr |2 rdacarrier | ||
| 700 | 1 | |a Cabral, Alexandre Raphael |0 (DE-588)124770355 |0 (DE-627)550462767 |0 (DE-576)29449281X |4 oth | |
| 700 | 1 | |a Eugster, Otto |4 oth | |
| 700 | 1 | |a Brauns, Michael |4 oth | |
| 700 | 1 | |a Lehmann, Bernd |0 (DE-588)1056487623 |0 (DE-627)794746217 |0 (DE-576)412404842 |4 oth | |
| 700 | 1 | |a Rösel, Delia |4 oth | |
| 700 | 1 | |a Zack, Thomas |4 oth | |
| 700 | 1 | |a Abreu, Francisco Robério de |4 oth | |
| 700 | 1 | |a Pernicka, Ernst |d 1950- |0 (DE-588)123580420 |0 (DE-627)082641048 |0 (DE-576)166723428 |4 oth | |
| 700 | 1 | |a Barth, Matthias |d 1974- |0 (DE-588)133208273 |0 (DE-627)538677708 |0 (DE-576)299695190 |4 oth | |
| 773 | 0 | 8 | |i In |t Geology |d Melville, NY : American Institute of Physics, 1973 |g 41(2013), 2, Seite 163-166 |h Online-Ressource |w (DE-627)326178899 |w (DE-600)2041152-2 |w (DE-576)260774138 |x 1943-2682 |7 nnas |a Direct dating of gold by radiogenic helium: testing the method on gold from Diamantina, Minas Gerais, Brazil |
| 773 | 1 | 8 | |g volume:41 |g year:2013 |g number:2 |g pages:163-166 |g extent:4 |a Direct dating of gold by radiogenic helium: testing the method on gold from Diamantina, Minas Gerais, Brazil |
| 776 | 0 | 8 | |i Erscheint auch als |n Druck-Ausgabe |t Direct dating of gold by radiogenic helium |d 2013 |w (DE-627)1642029815 |w (DE-576)425318923 |
| 856 | 4 | 0 | |u http://dx.doi.org/10.1130/G33751.1 |x Resolving-System |3 Volltext |
| 951 | |a AR | ||
| 992 | |a 20220824 | ||
| 993 | |a Article | ||
| 994 | |a 2013 | ||
| 998 | |g 123580420 |a Pernicka, Ernst |m 123580420:Pernicka, Ernst |d 120000 |d 700000 |d 729400 |e 120000PP123580420 |e 700000PP123580420 |e 729400PP123580420 |k 0/120000/ |k 0/700000/ |k 1/700000/729400/ |p 8 | ||
| 999 | |a KXP-PPN780606213 |e 4182521676 | ||
| BIB | |a Y | ||
| SER | |a journal | ||
| JSO | |a {"relHost":[{"physDesc":[{"extent":"Online-Ressource"}],"name":{"displayForm":["the Geological Society of America"]},"type":{"media":"Online-Ressource","bibl":"periodical"},"origin":[{"dateIssuedDisp":"1973-","publisherPlace":"Melville, NY ; Alexandria, Va. ; Boulder, Colo.","publisher":"American Institute of Physics ; GeoScienceWorld ; Geological Soc. of America","dateIssuedKey":"1973"}],"pubHistory":["1.1973 -"],"note":["Gesehen am 02.08.2017"],"corporate":[{"role":"isb","display":"Geological Society of America"}],"id":{"eki":["326178899"],"zdb":["2041152-2"],"issn":["1943-2682"]},"language":["eng"],"recId":"326178899","part":{"pages":"163-166","volume":"41","year":"2013","extent":"4","issue":"2","text":"41(2013), 2, Seite 163-166"},"title":[{"title_sort":"Geology","title":"Geology"}],"disp":"Direct dating of gold by radiogenic helium: testing the method on gold from Diamantina, Minas Gerais, BrazilGeology"}],"physDesc":[{"noteIll":"graph. Darst., Kt","extent":"4 S."}],"name":{"displayForm":["Alexandre Raphael Cabral; Otto Eugster; Michael Brauns; Bernd Lehmann; Delia Rösel; Thomas Zack; Francisco Robério de Abreu; Ernst Pernicka; Matthias Barth"]},"person":[{"family":"Cabral","role":"oth","display":"Cabral, Alexandre Raphael","given":"Alexandre Raphael"},{"family":"Eugster","display":"Eugster, Otto","role":"oth","given":"Otto"},{"given":"Michael","display":"Brauns, Michael","role":"oth","family":"Brauns"},{"role":"oth","display":"Lehmann, Bernd","given":"Bernd","family":"Lehmann"},{"given":"Delia","role":"oth","display":"Rösel, Delia","family":"Rösel"},{"family":"Zack","display":"Zack, Thomas","role":"oth","given":"Thomas"},{"family":"Abreu","given":"Francisco Robério de","role":"oth","display":"Abreu, Francisco Robério de"},{"family":"Pernicka","display":"Pernicka, Ernst","role":"oth","given":"Ernst"},{"display":"Barth, Matthias","role":"oth","given":"Matthias","family":"Barth"}],"type":{"bibl":"article-journal","media":"Online-Ressource"},"language":["eng"],"id":{"eki":["780606213"]},"origin":[{"dateIssuedDisp":"2013","dateIssuedKey":"2013"}],"recId":"780606213","title":[{"title_sort":"Direct dating of gold by radiogenic helium: testing the method on gold from Diamantina, Minas Gerais, Brazil","title":"Direct dating of gold by radiogenic helium: testing the method on gold from Diamantina, Minas Gerais, Brazil"}]} | ||
| SRT | |a DIRECTDATI2013 | ||